[Event "Terre degli Elimi op 3rd"]
[Site "Erice"]
[Date "2012.07.26"]
[Round "2"]
[White "Ljubisavljevic, Zivojin Z"]
[Black "Palazzotto, Giuseppe"]
[Result "1/2-1/2"]
[WhiteElo "2247"]
[BlackElo "1893"]
[PlyCount "148"]
[EventDate "2012.07.25"]
[EventType "swiss"]
[EventRounds "7"]
[EventCountry "ITA"]
[SourceTitle "EXT 2013"]
[Source "ChessBase"]
[SourceDate "2012.11.22"]
[SourceVersion "1"]
[SourceVersionDate "2012.11.22"]
[SourceQuality "1"]

1. d4 d5 2. c3 Nf6 3. Bf4 Bf5 4. Qb3 Qc8 5. e3 e6 6. c4 c6 7. Nc3 Nbd7 8. Rc1 dxc4 9. Bxc4 b5 10. Be2 a6 11. Bf3 Qb7 12. Nge2 Be7 13. h3 Rc8 14. 0-0 0-0 15. g4 Bd3 16. Qd1 Bc4 17. b3 Bxe2 18. Nxe2 Nd5 19. Bg3 Rfd8 20. e4 N5b6 21. Bg2 Nf6 22. Bh4 c5 23. Bxf6 gxf6 24. d5 Qb8 25. Qd2 Rd7 26. Qh6 Rcd8 27. Ng3 Bf8 28. Qxf6 exd5 29. Qg5+ Kh8 30. e5 Bg7 31. f4 Rg8 32. Rxc5 Qa7 33. Kh2 Nc4 34. bxc4 Qxc5 35. cxd5 Rxd5 36. Bxd5 Qxd5 37. Rf2 f6 38. exf6 Qd4 39. Rc2 Bxf6 40. Qf5 Rf8 41. Ne4 Bg7 42. Rc8 Qb2+ 43. Kg3 Qa3+ 44. Kh4 Qe7+ 45. g5 Rxc8 46. Qxc8+ Qf8 47. Qxf8+ Bxf8 48. f5 Kg7 49. Kg4 a5 50. h4 b4 51. f6+ Kf7 52. Kf5 a4 53. h5 b3 54. axb3 axb3 55. g6+ hxg6+ 56. hxg6+ Kg8 57. Nd2 b2 58. Ke6 Bh6 59. Nb1 Bf8 60. Kd7 Bh6 61. Ke8 Bf8 62. Nc3 Bb4 63. g7 Ba3 64. Nb1 Bb4 65. Kd7 Bc5 66. Ke6 Bb4 67. Kf5 Kf7 68. Ke4 Bd6 69. Kd4 Bb4 70. Kd5 Kg8 71. Kd4 Bd6 72. Ke4 Bc5 73. Kf5 Kf7 74. Kg5 Bd4 1/2-1/2

[Event "Dioscuri op 2nd"]
[Site "Agrigento"]
[Date "2009.11.14"]
[Round "3"]
[White "Palazzotto, Giuseppe"]
[Black "Livecchi, Dario"]
[Result "0-1"]
[WhiteElo "1952"]
[BlackElo "2151"]
[PlyCount "74"]
[EventDate "2009.11.13"]
[EventType "swiss"]
[EventRounds "5"]
[EventCountry "ITA"]
[SourceTitle "EXT 2012"]
[Source "ChessBase"]
[SourceDate "2011.11.24"]
[SourceVersion "1"]
[SourceVersionDate "2011.11.24"]
[SourceQuality "1"]

1. Nf3 g6 2. g3 Bg7 3. d4 Nf6 4. c4 0-0 5. Bg2 d6 6. Nc3 Nc6 7. e4 e5 8. d5 Ne7 9. 0-0 Bg4 10. Be3 Ne8 11. Qd2 f5 12. Ng5 f4 13. gxf4 exf4 14. Bxf4 Bh6 15. Be3 Nf6 16. f3 Bd7 17. Ne2 b5 18. Nd4 Qb8 19. Nge6 Bxe3+ 20. Qxe3 Bxe6 21. Nxe6 Rf7 22. cxb5 a6 23. Rfc1 axb5 24. Rxc7 Nfxd5 25. exd5 Nxd5 26. Qb3 Nxc7 27. f4 Nxe6 28. Bxa8 Qa7+ 29. Kg2 Qxa8+ 30. Kg3 Nxf4 31. Qc2 Nh5+ 32. Kh4 Rf4+ 33. Kg5 Qd8+ 34. Kh6 Qf8+ 35. Kg5 Qf6+ 36. Kh6 Qg7+ 37. Kg5 h6# 0-1

[Event "EU-ch U18 19th"]
[Site "Fermo"]
[Date "2009.09.08"]
[Round "8"]
[White "Gonzalez Laso, Adrian"]
[Black "Palazzotto, Giuseppe"]
[Result "0-1"]
[WhiteElo "2059"]
[BlackElo "1920"]
[PlyCount "90"]
[EventDate "2009.08.31"]
[EventType "swiss"]
[EventRounds "9"]
[EventCountry "ITA"]
[SourceTitle "CBM 132 Extra"]
[Source "ChessBase"]
[SourceDate "2009.11.03"]
[SourceVersion "1"]
[SourceVersionDate "2009.11.03"]
[SourceQuality "1"]

1. e4 c5 2. Nf3 d6 3. d3 Nc6 4. g3 g6 5. Bg2 Bg7 6. c3 Nf6 7. 0-0 0-0 8. Nh4 e5 9. f4 exf4 10. Bxf4 Ng4 11. Qd2 Qb6 12. Nf3 c4+ 13. d4 Nce5 14. Na3 Be6 15. Kh1 Nd3 16. h3 Nf6 17. Ng5 d5 18. e5 Nh5 19. Kh2 Nhxf4 20. gxf4 Qxb2 21. Qxb2 Nxb2 22. Rab1 Na4 23. Rfc1 a6 24. Rxb7 Rfb8 25. Rb4 Rxb4 26. cxb4 Rb8 27. Nc2 Nc3 28. a3 h6 29. Nxe6 fxe6 30. Bf3 Nb5 31. h4 Rf8 32. Kg3 h5 33. Bg2 Nc3 34. Re1 Bh6 35. Bh3 Bxf4+ 36. Kg2 Kf7 37. Kh1 Ne4 38. Kg2 Ke7 39. Rf1 Rf7 40. a4 Nc3 41. Ra1 Rf8 42. Na3 Be3 43. b5 Rf2+ 44. Kh1 Bxd4 45. bxa6 Ne2 0-1

[Event "Nicolo La Rosa op 16th"]
[Site "Mazara del Vallo"]
[Date "2008.08.13"]
[Round "6"]
[White "Palazzotto, Giuseppe"]
[Black "Melograni, Francesco"]
[Result "1-0"]
[WhiteElo "1873"]
[BlackElo "1787"]
[PlyCount "75"]
[EventDate "2008.08.11"]
[EventType "swiss"]
[EventRounds "6"]
[EventCountry "ITA"]
[SourceTitle "EXT 2011"]
[Source "ChessBase"]
[SourceDate "2010.11.26"]
[SourceVersion "1"]
[SourceVersionDate "2010.11.26"]
[SourceQuality "1"]

1. d4 d5 2. c4 e6 3. Nc3 Nf6 4. Bg5 Be7 5. Nf3 Nbd7 6. e3 c6 7. Bd3 0-0 8. 0-0 h6 9. Bh4 Re8 10. Bg3 dxc4 11. Bxc4 b5 12. Bd3 Bb7 13. a3 Rc8 14. b4 a5 15. Qb3 Nh5 16. Be5 Nxe5 17. Nxe5 axb4 18. axb4 Qd6 19. Rfb1 Nf6 20. Ra7 Rc7 21. Bxb5 cxb5 22. Nxb5 Qb6 23. Nxc7 Qxc7 24. Qa4 Rc8 25. Nd3 Ng4 26. g3 Qb6 27. Nc5 Bxc5 28. dxc5 Rxc5 29. Ra8+ Bxa8 30. Qxa8+ Kh7 31. Qe4+ f5 32. bxc5 Qxc5 33. Qxe6 Qc2 34. Rf1 Qc5 35. h3 Nf6 36. Rb1 Qc2 37. Rb7 Qc3 38. Qxf5+ 1-0

[Event "Nicolo La Rosa op 16th"]
[Site "Mazara del Vallo"]
[Date "2008.08.12"]
[Round "4"]
[White "Palazzotto, Giuseppe"]
[Black "Architetto, Sandro"]
[Result "1-0"]
[WhiteElo "1873"]
[BlackElo "1620"]
[PlyCount "67"]
[EventDate "2008.08.11"]
[EventType "swiss"]
[EventRounds "6"]
[EventCountry "ITA"]
[SourceTitle "EXT 2011"]
[Source "ChessBase"]
[SourceDate "2010.11.26"]
[SourceVersion "1"]
[SourceVersionDate "2010.11.26"]
[SourceQuality "1"]

1. d4 d5 2. c4 c6 3. Nf3 Nf6 4. Nc3 e6 5. e3 Be7 6. Qc2 h6 7. Bd3 Nbd7 8. 0-0 Bd6 9. a3 e5 10. cxd5 cxd5 11. dxe5 Nxe5 12. Be2 Nxf3+ 13. Bxf3 Be6 14. Rd1 Rc8 15. Qa4+ Bd7 16. Qxa7 Qc7 17. Nxd5 Nxd5 18. Bxd5 Bc6 19. Bxc6+ Qxc6 20. Qd4 Rd8 21. Qxg7 Bxh2+ 22. Kxh2 Qc7+ 23. g3 Rxd1 24. Qxh8+ Ke7 25. Qc3 Qd7 26. Qe5+ Kd8 27. e4 Qg4 28. Qb8+ Ke7 29. Qxb7+ Rd7 30. Qb4+ Ke8 31. Be3 Qh5+ 32. Kg2 f5 33. Qb8+ Rd8 34. Qe5+ 1-0

[Event "Nicolo La Rosa op 16th"]
[Site "Mazara del Vallo"]
[Date "2008.08.11"]
[Round "1"]
[White "Ferrante, Filippo"]
[Black "Palazzotto, Giuseppe"]
[Result "1-0"]
[WhiteElo "1490"]
[BlackElo "1873"]
[PlyCount "59"]
[EventDate "2008.08.11"]
[EventType "swiss"]
[EventRounds "6"]
[EventCountry "ITA"]
[SourceTitle "EXT 2011"]
[Source "ChessBase"]
[SourceDate "2010.11.26"]
[SourceVersion "1"]
[SourceVersionDate "2010.11.26"]
[SourceQuality "1"]

1. Nf3 d5 2. d3 c5 3. g3 Nf6 4. Bg2 Nc6 5. 0-0 e5 6. Nbd2 Bd6 7. Re1 0-0 8. e4 d4 9. c3 Be6 10. a4 a6 11. Ng5 Bc8 12. Nc4 h6 13. Nxd6 Qxd6 14. Nf3 Rd8 15. c4 Be6 16. Nh4 Qd7 17. f4 Bg4 18. Nf3 Re8 19. f5 g6 20. Bxh6 gxf5 21. Qd2 Kh7 22. Qg5 Nh5 23. exf5 Rg8 24. Qd2 Bxf3 25. Bxf3 Qxf5 26. Be4 Nxg3 27. Bxf5+ Nxf5+ 28. Kh1 Nxh6 29. Rg1 Ng4 30. Raf1 1-0

[Event "Nicolo La Rosa op 15th"]
[Site "Mazara del Vallo"]
[Date "2007.08.11"]
[Round "3"]
[White "Riceputi, Vincenzo"]
[Black "Palazzotto, Giuseppe"]
[Result "0-1"]
[WhiteElo "1882"]
[BlackElo "1887"]
[PlyCount "62"]
[EventDate "2007.08.10"]
[EventType "swiss"]
[EventRounds "6"]
[EventCountry "ITA"]
[SourceTitle "EXT 2011"]
[Source "ChessBase"]
[SourceDate "2010.11.26"]
[SourceVersion "1"]
[SourceVersionDate "2010.11.26"]
[SourceQuality "1"]

1. e4 c5 2. Nf3 d6 3. d4 cxd4 4. Nxd4 Nf6 5. Nc3 g6 6. Bc4 Bg7 7. 0-0 0-0 8. Bb3 Nc6 9. Be3 Ng4 10. Nxc6 bxc6 11. Bg5 Qc7 12. h3 Nf6 13. Qd2 Rd8 14. Rad1 Bb7 15. Qf4 c5 16. Bxf6 Bxf6 17. Nd5 Bxd5 18. Bxd5 Rab8 19. b3 Qa5 20. a4 Qc3 21. Qd2 Qe5 22. Qa5 e6 23. f4 Qb2 24. Bc4 Qxc2 25. e5 dxe5 26. Rxd8+ Rxd8 27. Qxa7 exf4 28. Rxf4 Rd1+ 29. Rf1 Bd4+ 30. Kh1 Rxf1+ 31. Bxf1 Qf2 0-1